| Tag |
First Indicator |
Second Indicator |
Subfields |
| LEADER |
00000cam a2200000Mi 4500 |
| 001 |
in00002124367 |
| 005 |
20151103060738.0 |
| 008 |
901102s1974 ru 000 0 rus |
| 010 |
|
|
|a 75554182
|
| 035 |
|
|
|a (OCoLC)ocm22946881
|
| 040 |
|
|
|a DLC
|c BNG
|d OCLCQ
|d TXA
|d UtOrBLW
|
| 049 |
|
|
|a TXAM
|
| 082 |
0 |
4 |
|a 891.713
|
| 090 |
|
|
|a PG3447.Z5
|b A6 1974
|
| 100 |
1 |
|
|6 880-01
|a Zhukovskiĭ, Vasiliĭ Andreevich,
|d 1783-1852.
|
| 245 |
1 |
0 |
|6 880-02
|a Stikhotvorenii︠a︡ /
|c V. Zhukovskiĭ; [sost., avt. poslesl. i primech. D.P. Muravʹev].
|
| 264 |
|
1 |
|6 880-03
|a Moskva :
|b Sov. Rossii︠a︡,
|c 1974.
|
| 300 |
|
|
|a 302 pages ;
|c 18 cm.
|
| 336 |
|
|
|a text
|b txt
|2 rdacontent
|
| 337 |
|
|
|a unmediated
|b n
|2 rdamedia
|
| 338 |
|
|
|a volume
|b nc
|2 rdacarrier
|
| 490 |
1 |
|
|6 880-04
|a Poėticheskai︠a︡ Rossii︠a︡
|
| 536 |
|
|
|a From the Estate of George and Mathilda Sabo by Dr. Joseph R. Corcoran & Irene Sabo Corcoran and Family. September 1998.
|
| 830 |
|
0 |
|6 880-04
|a Poėticheskai︠a︡ Rossii︠a︡.
|
| 880 |
1 |
|
|6 100-01
|a Жуковский, Василий Андреевич,
|d 1783-1852.
|
| 880 |
1 |
0 |
|6 245-02
|a Стихотворения /
|c В. Жуковский; [сост., авт. послесл. и примеч. Д.П. Муравьев].
|
| 880 |
|
|
|6 264-03
|a Москва :
|b Сов. Россия,
|c 1974.
|
| 880 |
|
0 |
|6 440-04
|a Поэтическая Россия
|
| 948 |
|
|
|a cataloged
|b h
|c 2006/4/7
|d c
|e tchubaryan
|f 4:07:02 pm
|
| 994 |
|
|
|a C0
|b TXA
|
| 999 |
|
|
|a MARS
|
| 999 |
f |
f |
|s 6c35770c-c783-3841-91bc-bae3911df395
|i 26b19e58-dc8f-37a0-9bcb-0a6762824c4d
|t 0
|
| 952 |
f |
f |
|p ric
|a Texas A&M University
|b Rellis Campus
|c Joint Library Facility
|d Remote Storage
|t 0
|e PG3447.Z5 A6 1974
|h Library of Congress classification
|i unmediated -- volume
|m A14834060097
|
| 998 |
f |
f |
|a PG3447.Z5 A6 1974
|t 0
|l Remote Storage
|